00411nam a2200121Ia 4500020001800000082001600018245011400034260002800148300001600176650004400192650003600236700001700272 a0-415-02807-8 aRR 423 CON; 0aConcise dictionary of slang and unconventional English: from a dictionary of slang and unconventional English aLondonbRoutledgec1989 axxvi, 534p. aEnglish language - Slang - Dictionaries aEnglish language - Dictionaries aBeale, Paul